Gracze NBA według nazwiska - Statystyki

Ogólne statystyki
  • Ten quiz został rozwiązany 97 razy
  • Średni wynik to 16 z 27
Statystyki odpowiedzi
Imię Nazwisko % Poprawnych
Kevin Durant
96%
James Harden
94%
Joel Embiid
93%
Dirk Nowitzki
86%
Kareem Abdul-Jabbar
81%
Larry Bird
80%
Scottie Pippen
80%
Dennis Rodman
79%
Wilt Chamberlain
78%
Pascal Siakam
75%
DeMar DeRozan
73%
Tyrese Haliburton
66%
Charles Barkley
63%
Hakeem Olajuwon
61%
Kristaps Porzingis
55%
Dikembe Mutombo
53%
Victor Oladipo
48%
Bob Cousy
46%
Shawn Kemp
46%
Alonzo Mourning
43%
Clyde Drexler
43%
Pete Maravich
34%
George Gervin
33%
Bill Laimbeer
21%
Detlef Schrempf
21%
Rik Smits
15%
Christian Laettner
14%
Nie znaleziono quizów pasujących do podanych kryteriów
Rozkład punktacji
Procent ludzi z każdym wynikiem
Percentyl według liczby udzielonych odpowiedzi
Twoja historia wyników
Nie rozwiązałeś tego quizu